000 00350nam a2200133Ia 4500
005 20260328104256.0
008 260328s9999||||xx |||||||||||||| ||und||
100 _aCadavid, Juan Felipe
245 0 _aArquitectura y Sostenibilidad /
_cJuan Felipe Cadavid
260 _bArchitect
300 _a203 p.
650 _aARQUITECTURA Y CLIMA
942 _cBK
999 _c10440
_d10440